<?xml version="1.0" encoding="UTF-8"?>
<record
    xmlns:xsi="http://www.w3.org/2001/XMLSchema-instance"
    xsi:schemaLocation="http://www.loc.gov/MARC21/slim http://www.loc.gov/standards/marcxml/schema/MARC21slim.xsd"
    xmlns="http://www.loc.gov/MARC21/slim">

  <leader>02893nam a22002777a 4500</leader>
  <controlfield tag="005">20240305165637.0</controlfield>
  <controlfield tag="007">cr||||   |||| </controlfield>
  <controlfield tag="008">220720s2022    es |||||s|||| 00||0 spa d</controlfield>
  <datafield tag="020" ind1=" " ind2=" ">
    <subfield code="a">978-84-1122-156-6</subfield>
  </datafield>
  <datafield tag="035" ind1=" " ind2=" ">
    <subfield code="a">36478</subfield>
  </datafield>
  <datafield tag="040" ind1=" " ind2=" ">
    <subfield code="a">vLex</subfield>
  </datafield>
  <datafield tag="090" ind1=" " ind2=" ">
    <subfield code="c">13627</subfield>
    <subfield code="d">13627</subfield>
  </datafield>
  <datafield tag="100" ind1="1" ind2=" ">
    <subfield code="a">Medina Morales, Diego</subfield>
  </datafield>
  <datafield tag="245" ind1="1" ind2="0">
    <subfield code="a">Di&#xE1;logo entre la teor&#xED;a comunicacional del derecho y otras perspectivas te&#xF3;ricas</subfield>
    <subfield code="h">[Recurso electr&#xF3;nico] /</subfield>
    <subfield code="c">Diego Medina Morales, Liliana Ortiz Bola&#xF1;os</subfield>
  </datafield>
  <datafield tag="256" ind1=" " ind2=" ">
    <subfield code="a">Servicio en l&#xED;nea</subfield>
  </datafield>
  <datafield tag="260" ind1=" " ind2=" ">
    <subfield code="a">Madrid:</subfield>
    <subfield code="b">Dykinson,</subfield>
    <subfield code="c">2022</subfield>
  </datafield>
  <datafield tag="300" ind1=" " ind2=" ">
    <subfield code="a">1 recurso electr&#xF3;nico</subfield>
  </datafield>
  <datafield tag="500" ind1=" " ind2=" ">
    <subfield code="a">El di&#xE1;logo, como la m&#xE1;xima expresi&#xF3;n del conocimiento, es el m&#xE9;todo empleado en la construcci&#xF3;n de esta Obra colectiva dedicada a la Teor&#xED;a Comunicacional del Derecho que cuenta con las contribuciones de: Diego Medina Morales, Antonio Mar&#xED;a La Porta, &#xC1;ngelo Anzalone, Liliana Ortiz Bola&#xF1;os, Juan Pablo Dom&#xED;nguez Angulo, Adolfo J. S&#xE1;nchez Hidalgo, Jos&#xE9; J. Albert M&#xE1;rquez, Cristina Hermida Del Llano, Iv&#xE1;n Leonardo Mart&#xED;nez Pinilla, Claudia Lorena Esquivel Garc&#xED;a y Mar&#xED;a Alejandra Ar&#xE9;valo Moscoso. El texto indaga por la Teor&#xED;a del Derecho desde una aproximaci&#xF3;n hermen&#xE9;utica que se explica por la comunicaci&#xF3;n epistemol&#xF3;gica entre la Teor&#xED;a Comunicacional del Derecho y otras perspectivas te&#xF3;ricas. En su camino, la Teor&#xED;a comunicacional ha desafiado conceptos tradicionales de la teor&#xED;a del Derecho; en ese trayecto ha logrado componer una teor&#xED;a anal&#xED;tico-hermen&#xE9;utica de lo jur&#xED;dico destinada a la comprensi&#xF3;n de conceptos que narran el &#x93;ser&#x94; del Derecho desde una perspectiva sist&#xE9;mica al interior de un nuevo concepto sobre el contorno organizacional de lo jur&#xED;dico. La primera parte del Texto est&#xE1; dedicada al di&#xE1;logo entre la Teor&#xED;a Comunicacional del Derecho y otras teor&#xED;as, en aspectos como, el sentido com&#xFA;n, la imputaci&#xF3;n objetiva, la teor&#xED;a tridimensional, la teor&#xED;a de Carl Schmitt, la teor&#xED;a kelseniana, la teor&#xED;a cr&#xED;tica del derecho de Luiz Fernando Coelho, la visi&#xF3;n del Derecho de Nicol&#xE1;s G&#xF3;mez D&#xE1;vila y la idea del Derecho de Shapiro y Arnaud. La segunda parte del Libro, se ocupa del an&#xE1;lisis de la Teor&#xED;a Comunicacional y las relaciones intersist&#xE9;micas interpretadas desde el pluralismo jur&#xED;dico, la indecidibilidad constitucional y la perspectiva trialista del Derecho.</subfield>
  </datafield>
  <datafield tag="506" ind1="1" ind2=" ">
    <subfield code="a">Disponible solo en los productos indicados</subfield>
    <subfield code="d">vLex Global</subfield>
    <subfield code="d">vLex Global (Academic Edition, excluding Law Schools)</subfield>
    <subfield code="d">vLex Global (U.S. Academic Edition, Law Schools)</subfield>
    <subfield code="d">vLex Global (U.S. Academic Edition, excluding Law Schools)</subfield>
    <subfield code="d">vLex Global (Academic Edition, Law Schools)</subfield>
  </datafield>
  <datafield tag="650" ind1="0" ind2="4">
    <subfield code="a">Derecho Militar</subfield>
    <subfield code="z">Espa&#xF1;a</subfield>
  </datafield>
  <datafield tag="650" ind1="0" ind2="4">
    <subfield code="a">Filosof&#xED;a y religi&#xF3;n</subfield>
    <subfield code="z">Espa&#xF1;a</subfield>
  </datafield>
  <datafield tag="700" ind1="1" ind2=" ">
    <subfield code="a">Ortiz Bola&#xF1;os, Liliana</subfield>
  </datafield>
  <datafield tag="740" ind1="0" ind2=" ">
    <subfield code="a">vLex Libros (Servicio en l&#xED;nea)</subfield>
  </datafield>
  <datafield tag="856" ind1="4" ind2="0">
    <subfield code="u">https://app.vlex.com/#/sources/36478</subfield>
  </datafield>
  <datafield tag="942" ind1=" " ind2=" ">
    <subfield code="c">RAA</subfield>
  </datafield>
  <datafield tag="952" ind1=" " ind2=" ">
    <subfield code="0">0</subfield>
    <subfield code="1">0</subfield>
    <subfield code="4">0</subfield>
    <subfield code="7">0</subfield>
    <subfield code="8">VLEX</subfield>
    <subfield code="9">329783</subfield>
    <subfield code="a">BD-UIN</subfield>
    <subfield code="b">BD-UIN</subfield>
    <subfield code="d">2024-03-05</subfield>
    <subfield code="l">0</subfield>
    <subfield code="p">36478</subfield>
    <subfield code="r">2024-03-05</subfield>
    <subfield code="w">2024-03-05</subfield>
    <subfield code="y">RAA</subfield>
  </datafield>
  <datafield tag="999" ind1=" " ind2=" ">
    <subfield code="c">171863</subfield>
    <subfield code="d">171863</subfield>
  </datafield>
</record>
